| 000 | 00986cam a2200289 a 4500 | ||
|---|---|---|---|
| 001 | 3532612 | ||
| 003 | OSt | ||
| 005 | 20230620092419.0 | ||
| 008 | 960517s1994 stk bd 000 0 eng | ||
| 010 | _a 96149756 | ||
| 020 | _a0004706781 (standard ed.) | ||
| 020 | _a0004706773 (thumbindexed ed.) | ||
| 020 | _a0004706765 (luxury ed.) | ||
| 040 |
_aDLC _cDLC |
||
| 050 | 0 | 0 |
_aPE1628 _b.C549 1994 |
| 082 | 0 | 0 |
_a423 _220 _bCOL |
| 245 | 0 | 0 | _aCollins English dictionary. |
| 250 | _a3rd ed. updated. | ||
| 260 |
_aGlasgow : _bHarperCollins Publishers, _c1994. |
||
| 300 |
_axxxi, 1791 p. ; _c27 cm. |
||
| 500 | _aRev. ed. of: Collins dictionary of the English language. 1979. | ||
| 504 | _aIncludes bibliographical references (p. xxxi). | ||
| 650 | 0 |
_aEnglish language _vDictionaries. |
|
| 906 |
_a7 _bcbc _corignew _d2 _encip _f19 _gy-gencatlg |
||
| 942 |
_2ddc _cBK |
||
| 999 |
_c1506 _d1506 |
||